zpět

Detail výsledku týmu

Bar U Souseda, Plzeň

Datum a čas kvízu

23 Celkem bodů Celkový počet nahraných bodů na tomto kvízu bez doplňovacích otázek.
4. Pořadí na kvízu Konečné umístění týmu na tomto kvízu.

Zaznamenané odpovědi

# Otázka Odpověď Body Výsledky
1. Manželka známého zločince se s... 1
2. Jihokorejec Kim Čong-jang byl... 0
3. Tři ženy v galerii mezinárodní... 0
4. Řada čínských e-shopů stáhla z... 0
5. Jak se nazývá země, jejíž repr... 1
6. Nedávno jsme zde probírali tém... 1
5. Která z těchto částí trávicí s... 1
5. Špatné fungování tohoto orgánu... 1
5. Tato šedě růžová laločnatá žlá... 1
5. V tenkém střevu dochází ke kon... 1